000 00252nam a2200097 a 4500
005 20140414131958.0
008 110209s19uu xx 00 eng d
050 _aTR 372.623
_bH19 1996
245 _aJoined-up handwriting skills age 5-7.
999 _c112990
_d112990